| 000 | 00823nam a2200253Ia 4500 | ||
|---|---|---|---|
| 003 | OSt | ||
| 005 | 20220927110008.0 | ||
| 006 | a|||||r|||| 00| 0 | ||
| 007 | ta | ||
| 008 | 220926b |||||||| |||| 00| 0 eng d | ||
| 024 | _a86675 | ||
| 037 | _cReference Collections | ||
| 040 |
_aRTL _cRTL _beng |
||
| 041 |
_2eng _aeng |
||
| 082 | _a"X9(J):8p2,N62, K4" | ||
| 111 |
_aSeminar on Problems of Farm Production Planning and Programming (1962 : New Delhi) _9375823 |
||
| 245 | 0 | _aProceedings | |
| 260 |
_aBombay _bIndian Society of Agricultural Economics India _c1964 |
||
| 300 |
_a"vii, 276p. Appendixes p. 271-6" _ccm. |
||
| 490 | _aIndian Society of Agricultural Economics seminat series.4 | ||
| 650 | _aManagement | ||
| 942 |
_h"X9(J):8p2,N62, K4" _cCC |
||
| 999 |
_c695311 _d695311 |
||